|
|
|
|
| LEADER |
00000nam a22000007a 4500 |
| 005 |
20160520154354.0 |
| 007 |
cr|||| ||u| |
| 008 |
160520s2016 mx ||||| |||| 00||0 spa d |
| 020 |
|
|
|a 978-607-406-776-7
|
| 035 |
|
|
|a 14247
|
| 040 |
|
|
|a vLex
|
| 090 |
|
|
|c 6128
|d 6128
|
| 100 |
1 |
|
|a Domn̕guez Orozco, Jaime
|
| 245 |
1 |
0 |
|a Pagos Provisionales del ISR con Casos Prc̀ticos 2016
|h [Recurso electrn̤ico] /
|c Jaime Domn̕guez Orozco
|
| 256 |
|
|
|a Servicio en ln̕ea
|
| 260 |
|
|
|a Mx̌ico
|b Ediciones Fiscales ISEF
|c 2016
|
| 300 |
|
|
|a 1 recurso electrn̤ico
|
| 500 |
|
|
|a La noticia de la entrada en vigor de un nuevo esquema de registro electrn̤ico de la contabilidad, que va ms̀ all ̀de un registro ya que incluye el almacenamiento de soportes en documentos digitales; en este libro encontrar ̀preguntas y respuesta a inquietudes que pudiera tener al respecto.
|
| 506 |
1 |
|
|a Contenido solo disponible en los productos indicados
|d vLex Global
|d vLex Global (Academic Edition, excluding Law Schools)
|d vLex Global (U.S. Academic Edition, Law Schools)
|d vLex Global (U.S. Academic Edition, excluding Law Schools)
|d vLex Global (Academic Edition, Law Schools)
|
| 650 |
0 |
4 |
|a Derecho
|z Mx̌ico
|
| 740 |
0 |
|
|a vLex libros (servicio en ln̕ea)
|
| 856 |
4 |
0 |
|u http://vlex.com/source/pagos-provisionales-del-isr-con-casos-practicos-2016-14247
|z Acceso restringido
|
| 942 |
|
|
|c BOOK
|
| 999 |
0 |
|
|a Law
|b Mexic
|